Making war in Côte d'Ivoire / (Record no. 14575)

000 -LEADER
fixed length control field 02609cam a2200313 a 4500
001 - CONTROL NUMBER
control field 15886674
005 - DATE AND TIME OF LATEST TRANSACTION
control field 20170105102858.0
008 - FIXED-LENGTH DATA ELEMENTS--GENERAL INFORMATION
fixed length control field 090828s2011 iluab b 001 0 eng c
010 ## - LIBRARY OF CONGRESS CONTROL NUMBER
LC control number 2009036013
020 ## - INTERNATIONAL STANDARD BOOK NUMBER
International Standard Book Number 9780226514598 (cloth : alk. paper)
020 ## - INTERNATIONAL STANDARD BOOK NUMBER
International Standard Book Number 0226514595 (cloth : alk. paper)
020 ## - INTERNATIONAL STANDARD BOOK NUMBER
International Standard Book Number 9780226514604 (pbk. : alk. paper)
020 ## - INTERNATIONAL STANDARD BOOK NUMBER
International Standard Book Number 0226514609 (pbk. : alk. paper)
040 ## - CATALOGING SOURCE
Original cataloging agency ICU/DLC
Transcribing agency DLC
Modifying agency DLC
042 ## - AUTHENTICATION CODE
Authentication code pcc
043 ## - GEOGRAPHIC AREA CODE
Geographic area code f-iv---
050 00 - LIBRARY OF CONGRESS CALL NUMBER
Classification number DT545.84
Item number .M346 2011
082 00 - DEWEY DECIMAL CLASSIFICATION NUMBER
Classification number 966.6805/2
Edition number 22
100 1# - MAIN ENTRY--PERSONAL NAME
Personal name McGovern, Mike.
245 10 - TITLE STATEMENT
Title Making war in Côte d'Ivoire /
Statement of responsibility, etc. Mike McGovern.
260 ## - PUBLICATION, DISTRIBUTION, ETC.
Place of publication, distribution, etc. Chicago :
Name of publisher, distributor, etc. The University of Chicago Press,
Date of publication, distribution, etc. 2011.
300 ## - PHYSICAL DESCRIPTION
Extent xxv, 238 p. :
Other physical details ill., maps ;
Dimensions 23 cm.
504 ## - BIBLIOGRAPHY, ETC. NOTE
Bibliography, etc. note Includes bibliographical references and index.
505 0# - FORMATTED CONTENTS NOTE
Formatted contents note Introduction: socialists and skinheads : Abidjan, 2003 -- Côte d'Ivoire -- A chronology of the crisis -- Chapters -- Pillage and principle: making distinctions in a frontier zone -- Thirdness -- Ecology and economy -- Personhood -- Warfare -- Conclusion -- The politics of ressentiment -- Introduction -- Strangers and hosts along the upper Guinea coast -- The rights of the autochthonous and the imposition of the state in Côte d'Ivoire's cocoa-producing west -- Planters, but not mediocre planters -- 'On peut instrumentaliser une réalité': the development of an Ivorian politics of resentment -- Violence as discourse, violence as practice -- Decolonisation and dramaturgy -- The "problem" of African youth -- Fesci and its alumni -- Free money: the transition from zouglou to coupé décalé -- "This is play" -- "La deuxième guerre d'indépendence" and the rhetoric of revolution -- "Is this play?" : the media and the events of November 2004 -- Does it matter if this is play? -- Following the money: the cocoa-coffee filière -- The history of the filière -- Intergenerational tensions -- The filière restructured and ready to do business -- From "L" or brun to "l"or noir: the reintroduction of petroleum production as part of the Ivorian political economy -- Neither war nor peace: the sociology of a state of emergency -- What causes civil conflict in west Africa? -- Case study: the third assistant to the mayor of Guiglo -- Checkpoint ethnography: economic gain and the threat of violence -- Alignment -- Manchester in Guiglo?.
651 #0 - SUBJECT ADDED ENTRY--GEOGRAPHIC NAME
Geographic name Côte d'Ivoire
General subdivision History
Chronological subdivision Civil War, 2002-2007.
906 ## - LOCAL DATA ELEMENT F, LDF (RLIN)
a 7
b cbc
c orignew
d 1
e ecip
f 20
g y-gencatlg
942 ## - ADDED ENTRY ELEMENTS (KOHA)
Source of classification or shelving scheme
Koha item type Book
Holdings
Withdrawn status Lost status Damaged status Not for loan Collection code Permanent Location Current Location Shelving location Date acquired Total Checkouts Full call number Barcode Date last seen Price effective from Koha item type
          Centre for International Peace & Stability (CIPS) Centre for International Peace & Stability (CIPS) General Stacks 09/10/2013   966.68052 MCG 2011 CIPS0000963 09/12/2013 09/12/2013 Book
© 2023 Central Library, National University of Sciences and Technology. All Rights Reserved.